She Calls Me Back by Noah Kahan - Lyrics Quiz - Statistics

General Stats
  • This quiz has been taken 346 times
    341 since last reset
  • The average score is 306 of 369
Answer Stats
Answer % Correct
back
99%
calls
99%
i
99%
me
99%
she
99%
a
98%
you
98%
in
97%
not
97%
oh
97%
the
97%
your
97%
baptized
96%
every
96%
eyes
96%
heaven
96%
there
96%
was
96%
when
96%
alright
95%
everything's
95%
do
92%
time
90%
to
90%
for
89%
an
88%
at
88%
two
88%
lie
87%
long
87%
lost
87%
and
86%
lines
85%
be
84%
don't
84%
look
84%
parallel
84%
but
81%
dial
80%
it
80%
so
80%
still
80%
could
79%
have
79%
as
75%
awake
74%
head
74%
sacrifice
74%
up
74%
why
74%
am
73%
this
73%
bullshit
72%
get
72%
high
72%
old
72%
restless?
72%
tattoo
72%
die
71%
remind
71%
bad
70%
hold
70%
same
69%
exist
68%
hanging
68%
left
68%
news
68%
obsessive?
68%
onto
68%
sentence
68%
town's
67%
read
66%
blank
65%
page
65%
822-993-167
64%
saving
64%
edges?
63%
live
63%
is
60%
while
59%
bite
58%
bite
58%
does
57%
dream
54%
can
53%
i'm
53%
love
52%
sleep
52%
if
51%
radio
50%
much
49%
nights
49%
too
49%
all
48%
most
48%
wake
48%
only
47%
i'll
46%
of
46%
seeing
46%
key
45%
ocean's
45%
asleep
44%
song
44%
dry
43%
fall
43%
rivers
43%
taunting
43%
minor
42%
afraid
41%
life
41%
living
40%
should
40%
freeze
39%
footsteps
38%
pain
38%
saved
26%
heart
21%
or
20%
No matching quizzes found
Score Distribution
Percent of People with Each Score
Percentile by Number Answered
Your Score History
You have not taken this quiz since the last reset